Statistics for Celebrities by Last Two Names

Click here to take the quiz!

General Stats

  • This quiz has been taken 1,068 times
    (436 since last reset)
  • The average score is 14 of 24

Answer Stats

Answer% Correct
CatherineZeta-Jones
85%
JamieLee Curtis
84%
NeilPatrick Harris
79%
HelenaBonham Carter
78%
DanielDay-Lewis
76%
JamesEarl Jones
67%
SachaBaron Cohen
67%
TommyLee Jones
66%
SarahMichelle Gellar
65%
BillyBob Thornton
64%
JenniferLove Hewitt
64%
ChloeGrace Moretz
59%
FrancisFord Coppola
59%
JosephGordon-Levitt
58%
LisaMarie Presley
58%
PhilipSeymour Hoffman
58%
AnnaNicole Smith
56%
BryceDallas Howard
55%
MaryTyler Moore
50%
HaleyJoel Osment
43%
LouDiamond Phillips
32%
MarciaGay Harden
25%
KristinScott Thomas
24%
EdwardJames Olmos
23%

Score Distribution

Percentile by Number Answered

Percent of People with Each Score

Your Score History

You have not taken this quiz since the last reset